Catálogo - Centro de Recursos para el Aprendizaje y la Investigación

Volver al Sitio - CRAI Biblioteca

Tercer concurso de escritura personal para los dominicanos en el exterior “cuéntame tu historia” / (Registro nro. 114278)

Detalles MARC
000 -CABECERA
campo de control de longitud fija 01629nam a2200373 4500
001 - NÚMERO DE CONTROL
campo de control 114278
003 - IDENTIFICADOR DEL NÚMERO DE CONTROL
campo de control DR-UNIBE
005 - FECHA Y HORA DE LA ÚLTIMA TRANSACCIÓN
campo de control 20251204115308.0
008 - DATOS DE LONGITUD FIJA--INFORMACIÓN GENERAL
campo de control de longitud fija 251204b2025 dr ||||| |||| 00| 0 spa d
020 ## - NÚMERO INTERNACIONAL ESTÁNDAR DEL LIBRO
Número Internacional Estándar del Libro 9789945299885
040 ## - FUENTE DE LA CATALOGACIÓN
Centro catalogador/agencia de origen BIBLIOTECA UNIBE
Centro/agencia transcriptor BIBLIOTECA UNIBE
Normas de descripción rda
041 ## - CÓDIGO DE LENGUA
Código de lengua del texto/banda sonora o título independiente spa
082 ## - NÚMERO DE LA CLASIFICACIÓN DECIMAL DEWEY
Número de clasificación RD 863 T315c
245 ## - MENCIÓN DE TÍTULO
Título Tercer concurso de escritura personal para los dominicanos en el exterior “cuéntame tu historia” /
Mención de responsabilidad, etc. Martha Dolores Oller Portes [y otro doce]
260 ## - PUBLICACIÓN, DISTRIBUCIÓN, ETC.
Lugar de publicación, distribución, etc. Santo Domingo :
Nombre del editor, distribuidor, etc. Instituto de Dominicanos y Dominicanas en el Exterior (INDEX),
Fecha de publicación, distribución, etc. 2025
300 ## - DESCRIPCIÓN FÍSICA
Extensión 121 páginas :
Otras características físicas ilustraciones
505 ## - NOTA DE CONTENIDO CON FORMATO
Nota de contenido con formato Ganadores |<br/>Menciones de honor |<br/>Historias recomendadas por el jurado |
650 #7 - PUNTO DE ACCESO ADICIONAL DE MATERIA--TÉRMINO DE MATERIA
Fuente del encabezamiento o término lemb
Término de materia o nombre geográfico como elemento de entrada Literatura dominicana
Subdivisión de forma Relatos personales
9 (RLIN) 201284
653 00 - TÉRMINO DE INDIZACIÓN--NO CONTROLADO
Término no controlado Narraciones
700 1# - PUNTO DE ACCESO ADICIONAL--NOMBRE DE PERSONA
Nombre de persona Oller Portes, Martha Dolores
Término indicativo de función/relación autor
9 (RLIN) 201270
700 1# - PUNTO DE ACCESO ADICIONAL--NOMBRE DE PERSONA
Nombre de persona Mey Orozco, Darla Melissa
Término indicativo de función/relación autor
9 (RLIN) 201271
700 1# - PUNTO DE ACCESO ADICIONAL--NOMBRE DE PERSONA
Nombre de persona Marcano Rudecindo, Norman José
Término indicativo de función/relación autor
9 (RLIN) 201272
700 1# - PUNTO DE ACCESO ADICIONAL--NOMBRE DE PERSONA
Nombre de persona Santiago, Némesis Esmeralda
Término indicativo de función/relación autor
9 (RLIN) 201273
700 1# - PUNTO DE ACCESO ADICIONAL--NOMBRE DE PERSONA
Nombre de persona López Santos, Carolyn Altagracia
Término indicativo de función/relación autor
9 (RLIN) 201274
700 1# - PUNTO DE ACCESO ADICIONAL--NOMBRE DE PERSONA
Nombre de persona Almonte Uceta, Alber Antonio
Término indicativo de función/relación autor
9 (RLIN) 201275
700 1# - PUNTO DE ACCESO ADICIONAL--NOMBRE DE PERSONA
Nombre de persona Pineda Dotel, Laura Leonelys
Término indicativo de función/relación autor
9 (RLIN) 201276
700 1# - PUNTO DE ACCESO ADICIONAL--NOMBRE DE PERSONA
Nombre de persona Castillo Ceballos, Gloria Massiell
Término indicativo de función/relación autor
9 (RLIN) 201277
700 1# - PUNTO DE ACCESO ADICIONAL--NOMBRE DE PERSONA
Nombre de persona Grassals Ramírez, Ingrid Patricia
Término indicativo de función/relación autor
9 (RLIN) 201278
700 1# - PUNTO DE ACCESO ADICIONAL--NOMBRE DE PERSONA
Nombre de persona Soto Minier, Jabsury Roselly
Término indicativo de función/relación autor
9 (RLIN) 201279
700 1# - PUNTO DE ACCESO ADICIONAL--NOMBRE DE PERSONA
Nombre de persona Núñez Castillo, Angelina
Término indicativo de función/relación autor
9 (RLIN) 201280
700 1# - PUNTO DE ACCESO ADICIONAL--NOMBRE DE PERSONA
Nombre de persona Montolío Rosa, José
Término indicativo de función/relación autor
9 (RLIN) 201281
700 1# - PUNTO DE ACCESO ADICIONAL--NOMBRE DE PERSONA
Nombre de persona Díaz Ramírez, Miguel Oniel
Término indicativo de función/relación autor
9 (RLIN) 201282
942 ## - ELEMENTOS DE PUNTO DE ACCESO ADICIONAL (KOHA)
Fuente del sistema de clasificación o colocación Sistema de Clasificación Decimal Dewey
Tipo de ítem Koha Libro (general)
Existencias
Estado de retiro Estado de pérdida Fuente del sistema de clasificación o colocación No para préstamo Código de colección Localización permanente Fecha de adquisición Total de préstamos Signatura topográfica completa Código de barras Fecha visto por última vez Número de copia Precio válido a partir de Tipo de ítem Koha
  Disponible Sistema de Clasificación Decimal Dewey   General - Libros dominicanos Biblioteca Central UNIBE 04/08/2025   RD 863 T315c 251209 04/12/2025 Ej. 1 04/12/2025 Libro (general)
  Disponible Sistema de Clasificación Decimal Dewey   General - Libros dominicanos Biblioteca Central UNIBE 04/08/2025   RD 863 T315c 251210 04/12/2025 Ej. 2 04/12/2025 Libro (general)